00239nam a2200085Ia 4500008004100000100003600041245004300077260002500120300000800145210107s9999 xx 000 0 und d aNorton, Peter and Groh, Michael 0aPeter Norton's Guide To Visual Basic 6 aNew DelhibTechmedia a790